000 00744nam a2200229 a 4500
001 000019417
005 20200929170018.0
008 100628s1973 ve r 000 e spa d
040 _aDO-SdBNP
_bspa
_cBNPHU
082 _a860.9
_bM644p
100 1 _aMiliani, Domingo
_95169
245 1 0 _aPrueba de fuego /
_cDomingo Miliani.
260 _aCaracas :
_bMonte Avila Editores,
_c1973.
300 _a178 p. ;
_c16 cm.
490 1 _aBiblioteca popular el dorado
504 _aIncluye referencias bibliográficas y notas al pie de las páginas
650 4 _aEnsayos españoles
_93095
650 4 _aEnsayos españoles
_xColecciones
_941579
650 4 _aLiteratura española
_9632
830 0 _aBiblioteca popular el dorado
_913605
049 _aBNGR
999 _c18933
_d18933